| 000 | 01390nam a22002897i 4500 | ||
|---|---|---|---|
| 003 | URS | ||
| 005 | 20240509214546.0 | ||
| 008 | 200303b ||||| |||| 00| 0 eng d | ||
| 040 | _cURS | ||
| 050 | 0 | 0 |
_aLG 221.R59 D5688 _b2010 |
| 100 | 1 |
_aAlcantara, Mary joy C. _eResearcher |
|
| 245 | 1 | 0 |
_aDifficulties encountered by the first year students of University of Rizal System- Rodriguez in combining algebraic expression involving symbols of grouping/ _cAlcantara, Mary joy C. ...[et.al.] |
| 260 | 1 | _c2010 | |
| 300 |
_ax, 46 leaves: _billustrations, _c28 cm. |
||
| 336 |
_2rdacontent _atext |
||
| 337 |
_2rdamedia _aunmediated |
||
| 338 |
_2rdacarrier _avolume |
||
| 502 |
_aUndergraduate Study Thesis _bBachelor of Secondary Education Major in Mathematics _cUniversity of Rizal System _d2010 |
||
| 520 | _aThis study focused more on the field of algebra, Most specifically on the problems in combining algebraic expression involving Symbols of Algebraic expressions with the inclusion of removing Grouping Symbols is one of the basic preliminary requirement in taking higher advanced mathematics | ||
| 650 | 0 | _aAlgebra, Differential. | |
| 650 | 0 | _aLinear algebraic groups. | |
| 700 |
_aBunda, Anna Marie F. _eResearcher |
||
| 700 |
_aManangan, Marvin D. _eResearcher |
||
| 700 |
_aEstorga, Mylene R. _eResearcher |
||
| 700 |
_aMercado Florante J. _eAdviser |
||
| 942 |
_2lcc _cT |
||
| 999 |
_c11254 _d11254 |
||